Seville (Record no. 4167)

MARC details
000 -CABECERA
campo de control de longitud fija 00881nam a2200265 a 4500
001 - NÚMERO DE CONTROL
campo de control BRCA_4461
005 - FECHA Y HORA DE LA ÚLTIMA TRANSACCIÓN
campo de control 20190320204659.0
008 - DATOS DE LONGITUD FIJA--INFORMACIÓN GENERAL
campo de control de longitud fija 030910s1907----enka######---#000-0#eng-#
041 ## - CÓDIGO DE LENGUA
Código de lengua del texto/banda sonora o título independiente eng
044 ## - CÓDIGO DEL PAÍS DE LA ENTIDAD EDITORA/PRODUCTORA
Código MARC del país enk
050 #4 - SIGNATURA TOPOGRÁFICA DE LA BIBLIOTECA DEL CONGRESO
Número de clasificación DP17
Número de documento/Ítem .C35 5
-- 1907
100 1# - ENTRADA PRINCIPAL--NOMBRE DE PERSONA
Nombre de persona Calvert, Albert F.
Fechas asociadas al nombre 1872-1946
9 (RLIN) 11305
245 10 - MENCIÓN DE TÍTULO
Título Seville
Resto del título An historical and descriptive account of ´The Pearl of Andalusia´
Mención de responsabilidad, etc. By Albert F. Calvert.
260 ## - PUBLICACIÓN, DISTRIBUCIÓN, ETC.
Lugar de publicación, distribución, etc. Londres: Nueva York
Nombre del editor, distribuidor, etc. John Lane, The Bodley Head
Fecha de publicación, distribución, etc. 1907
300 ## - DESCRIPCIÓN FÍSICA
Extensión xxi, 139 p. (v.5)
Otras características físicas il., 300 láminas
Dimensiones 20 cm.
440 #0 - MENCIÓN DE SERIE/PUNTO DE ACCESO ADICIONAL--TÍTULO
Título The spanish series
Designación de volumen o secuencia 5
9 (RLIN) 11306
500 ## - NOTA GENERAL
Nota general Incluye índice de ilustraciones
500 ## - NOTA GENERAL
Nota general Ejemplar igual a CEO3
500 ## - NOTA GENERAL
Nota general Con ex-libris de Setterfield
500 ## - NOTA GENERAL
Nota general CEO15
651 #4 - PUNTO DE ACCESO ADICIONAL DE MATERIA--NOMBRE GEOGRÁFICO
Nombre geográfico España
Subdivisión general Descripción
Subdivisión geográfica Sevilla
9 (RLIN) 11307
651 #4 - PUNTO DE ACCESO ADICIONAL DE MATERIA--NOMBRE GEOGRÁFICO
Nombre geográfico España
Subdivisión general Descripción y viajes
9 (RLIN) 7912
902 ## - CATALOGADOR
Iniciales GFM
942 ## - ELEMENTOS DE PUNTO DE ACCESO ADICIONAL (KOHA)
Fuente del sistema de clasificación o colocación Library of Congress Classification
Tipo de ítem Koha Libros
Holdings
Estado de retiro Estado de pérdida Estado dañado No para préstamo Localización permanente Ubicación/localización actual Fecha de adquisición Número de inventario Total de préstamos Signatura topográfica completa Código de barras Fecha visto por última vez Precio válido a partir de Tipo de ítem Koha
El ejemplar forma parte de la colección y puede ser consultado según las políticas vigentes.       Biblioteca del Museo Franz Mayer (Rogerio Casas-Alatriste) Biblioteca del Museo Franz Mayer (Rogerio Casas-Alatriste) 06/09/2010 CEO15   DP17 .C35 5 1907 (CEO15) 4458 22/03/2019 22/03/2019 Libros